Sara demographic instability as a consequence of French colonial policy in Chad (1890-1940) /

Bibliographic Details
Main Author: Azevedo, Mario Joaquim
Format: Thesis Microform Book
Language:English
Published: [Place of publication not identified] : [publisher not identified] ; 1975.
Series:Sahel, documents and dissertations ; CD 051.
Subjects:

MARC

Tag First Indicator Second Indicator Subfields
LEADER 00000cam a2200000 i 4500
001 in00000941621
005 20150925132430.0
007 he bmu|||bubu
008 800710r19801975miub bb 00010 eng d
035 |a (OCoLC)06506056 
035 |9 AES4269AM 
037 |a CL00550  |b University Microfilms International 
037 |b University Microfilms International, 300 N. Zeeb Rd., Ann Arbor, MI 48106 
040 |a UMI  |c UMI  |d UtOrBLW 
043 |a f-cd--- 
049 |a TXAI 
090 |a DT546.442  |b .A9 1975 
099 |a fiche   |a  C   |a  5159 
100 1 |a Azevedo, Mario Joaquim. 
245 1 0 |a Sara demographic instability as a consequence of French colonial policy in Chad (1890-1940) /  |c by Mario Joaquim Azevedo. 
264 1 |a [Place of publication not identified] :  |b [publisher not identified] ;  |c 1975. 
300 |a 295 leaves :  |b map 
336 |a text  |b txt  |2 rdacontent 
337 |a microform  |b h  |2 rdamedia 
338 |a microfiche  |b he  |2 rdacarrier 
502 |c Duke University. 
504 |a Bibliography: leaves 256-275. 
500 |a Microfiche. Ann Arbor, Mich. : University Microfilms International, 1980. -- 6 sheets ; 11 x 15 cm. -- (Sahel : documents and dissertations ; CD 051). 
500 |a Microform. 
650 0 |a Sara (African people) 
651 0 |a Chad  |x Population. 
830 0 |a Sahel, documents and dissertations ;  |v CD 051. 
999 |a MARS 
999 f f |s 707efa2f-29d3-3346-a3a8-d764886b1dbb  |i 05eb37fa-dd15-3ef0-b659-8d55771404fc  |t 0 
952 f f |p normal  |a Texas A&M University  |b College Station  |c Sterling C. Evans Library  |d Evans: Microforms (3rd floor)  |t 0  |e fiche C 5159 CD 051  |h Other scheme  |i microform -- microfiche  |m A14821914318 
998 f f |a fiche C 5159 CD 051  |t 0  |l Evans: Microforms (3rd floor)